|
|
|
|
| LEADER |
00000cam a2200000 c 4500 |
| 001 |
1328958159 |
| 003 |
DE-627 |
| 005 |
20230228123856.0 |
| 007 |
tu |
| 008 |
061115s1948 xx ||||| 00| ||ger c |
| 016 |
7 |
|
|a 454328222
|2 DE-101
|
| 035 |
|
|
|a (DE-627)1328958159
|
| 035 |
|
|
|a (DE-576)258958154
|
| 035 |
|
|
|a (DE-599)DNB454328222
|
| 035 |
|
|
|a (OCoLC)73732458
|
| 035 |
|
|
|a (OCoLC)73732458
|
| 040 |
|
|
|a DE-627
|b ger
|c DE-627
|e rda
|
| 041 |
|
|
|a ger
|
| 084 |
|
|
|a 13
|2 sdnb
|
| 084 |
|
|
|a LP 63384
|2 rvk
|0 (DE-625)rvk/107289:
|
| 100 |
1 |
|
|a Schemann, Bertha
|e VerfasserIn
|4 aut
|
| 245 |
1 |
0 |
|a Drei Frauen um Johannes Brahms
|b ein Gedenkwort zu seinem 50. Todestag
|c von Bertha Schemann
|
| 263 |
|
|
|a 2.-
|
| 264 |
|
1 |
|a Berlin
|b Afas
|c 1948
|
| 300 |
|
|
|a 24 Seiten
|b Illustrationen
|c 8°
|
| 336 |
|
|
|a Text
|b txt
|2 rdacontent
|
| 337 |
|
|
|a ohne Hilfsmittel zu benutzen
|b n
|2 rdamedia
|
| 338 |
|
|
|a Band
|b nc
|2 rdacarrier
|
| 583 |
1 |
|
|a Archivierung prüfen
|c 20200919
|f DE-640
|z 1
|2 pdager
|
| 601 |
|
|
|a Todestag
|
| 935 |
|
|
|a mteo
|
| 936 |
r |
v |
|a LP 63384
|b Spezielle biografische Beiträge
|k Musikwissenschaft
|k I. Musica theoretica
|k Chronologischer Teil: Musica theoretica
|k 19. Jahrhundert
|k Einzelne Persönlichkeiten:
|k Persönlichkeiten B
|k Brahms, Johannes
|k Spezielle biografische Beiträge
|0 (DE-627)1270938088
|0 (DE-625)rvk/107289:
|0 (DE-576)200938088
|
| 951 |
|
|
|a BO
|
| ELC |
|
|
|b 1
|
| ORI |
|
|
|a SA-MARC-ixtheo_oa001.raw
|